000 00782nam a2200229 a 4500
001 72173
003 BD-RjUL
005 20211209082224.0
008 170514s1990 ii a|||| |||| 00| 0 ben d
020 _c : Tk. 540.00
035 _a(BD-RjUL)72389
040 _aBD-RjUL
_bben
_cBD-RjUL
041 _aben
082 _223
_a731.854
_bSOK 1990
100 1 0 _aসরকার, কমল
_9213442
245 1 0 _aকলকাতার স্ট্যাচু /
_cকমল সরকার
260 _aকলিকাতা :
_bপুস্তক বিপণি,
_c১৯৯০
300 _a২৩১ পৃ. :
_bচিত্র ;
_c২৩ সেমি.
650 _aমূর্তিশিল্প
_zভারত
_9213443
650 _aIconography
_zIndia
_9213444
942 _2ddc
_cBK
999 _c72173
_d72173